000 02427nam a2200301 4500
001 000656966
003 OSt
005 20260530115317.0
008 260507b2015 mx ||||| |||| 00| 0 spa d
035 _aTD015989
040 _aICI
_bspa
_cICI
_erda
041 _aspa
050 _aHE327
_bM69 2015
100 _aAquino, Thales Leonard dos Santos
_933886
245 1 0 _aHacia una movilidad consciente en la Zona Metropolitana del Valle de México
_cThales Leonard dos Santos Aquino ; directora: Mtra. Nora Morales Zaragoza ; lectores: Mtro. Tonatiuh Navarro Mastache, Mtra. Georgina Durán Quezada.
_h[recurso electrónico] :
246 1 0 _aEstrategias innovadoras aplicadas a la experiencia Iberobús
_h[recurso electrónico]
260 _a2015
538 _aModo de acceso: World Wide Web; Adobe Acrobat Reader.
650 4 _aMovilidad estudiantil
_vEstudio de casos
_zDistrito Federal
_933887
650 4 _aMovilidad laboral
_vEstudio de casos
_zDistrito Federal
_933888
655 _aLibros electrónicos
700 1 _aMorales Zaragoza, Nora Angélica
_edirector
_933890
700 1 _aNavarro Mastache, Manuel Tonatiuh
_elector
_933891
700 1 _aDurán Quezada, Georgina
_elector
_933892
710 2 _aUniversidad Iberoamericana Ciudad de México.
_bDepartamento de Diseño
_933893
856 _u<a href="http://www.bib.uia.mx/tesis/pdf/015989/015989.pdf">http://www.bib.uia.mx/tesis/pdf/015989/015989.pdf</a> Tipo de formato electrónico pdf Nota pública Texto completo en pdf. 902 ## - ELEMENTOS DE DATOS B LOCAL, LDB (RLIN) a Diseño Estratégico e Innovación. b Maestría 920 ## - -- Diplomado en Inteligencia Territorial, -- Universidad Autónoma Metropolitana - Cuajimalpa 920 ## - -- Diseño Industrial, -- Centro Universitário da Cidade do Rio de Janeiro 920 ## - -- Diseño de Información, -- Pontifícia Universidad Católica de Chile 921 ## - -- Experiencia del Usuario 921 ## - -- Retórica de la Imagen 921 ## - -- Diseño de Posicionamiento 922 ## - -- Taller de diseño de presentaciones 905 ## - ELEMENTOS DE DATOS E LOCAL, LDE (RLIN) a 15 915 ## - -- 2015 916 ## - -- ISABEL 917 ## - -- MX 942 ## - ELEMENTOS DE PUNTO DE ACCESO ADICIONAL (KOHA) Tipo de ítem Koha Impresos Ibero Excluir SI 980 ## - EQUIVALENCIA O REFERENCIA-CRUZADA-MENCIÓN DE SERIE--NOMBRE DE PERSONA/TÍTULO [LOCAL, CANADÁ] Enlace entre campo y número de secuencia 126340 Información miscelánea ADMIN1
942 _2lcc
_cBK
_n1
999 _c13635
_d13635